<?xml version="1.0" encoding="UTF-8"?>
<record
    xmlns:xsi="http://www.w3.org/2001/XMLSchema-instance"
    xsi:schemaLocation="http://www.loc.gov/MARC21/slim http://www.loc.gov/standards/marcxml/schema/MARC21slim.xsd"
    xmlns="http://www.loc.gov/MARC21/slim">

  <leader>01541nam0a2200337   4500</leader>
  <controlfield tag="001">RU\NLR\bibl\45566</controlfield>
  <controlfield tag="005">20250616082205.0</controlfield>
  <datafield tag="010" ind1=" " ind2=" ">
    <subfield code="a">5-93020-004-1</subfield>
    <subfield code="9">5000</subfield>
  </datafield>
  <datafield tag="021" ind1=" " ind2=" ">
    <subfield code="a">RU</subfield>
    <subfield code="b">98-45926</subfield>
    <subfield code="9">2211</subfield>
  </datafield>
  <datafield tag="035" ind1=" " ind2=" ">
    <subfield code="a">(NLR Aleph) 000044438</subfield>
  </datafield>
  <datafield tag="090" ind1=" " ind2=" ">
    <subfield code="a">234615</subfield>
    <subfield code="c">234615</subfield>
  </datafield>
  <datafield tag="100" ind1=" " ind2=" ">
    <subfield code="a">19990901d1998    |||y0rusy50      ca</subfield>
  </datafield>
  <datafield tag="101" ind1="0" ind2=" ">
    <subfield code="a">rus</subfield>
  </datafield>
  <datafield tag="102" ind1=" " ind2=" ">
    <subfield code="a">RU</subfield>
  </datafield>
  <datafield tag="105" ind1=" " ind2=" ">
    <subfield code="a">a   |||||||||</subfield>
  </datafield>
  <datafield tag="200" ind1="1" ind2=" ">
    <subfield code="a">&#x41B;&#x435;&#x441; &#x438; &#x43D;&#x435;&#x444;&#x442;&#x44C; &#x425;&#x430;&#x43D;&#x442;&#x44B;-&#x41C;&#x430;&#x43D;&#x441;&#x438;&#x439;&#x441;&#x43A;&#x43E;&#x433;&#x43E; &#x430;&#x432;&#x442;&#x43E;&#x43D;&#x43E;&#x43C;&#x43D;&#x43E;&#x433;&#x43E; &#x43E;&#x43A;&#x440;&#x443;&#x433;&#x430;</subfield>
    <subfield code="f">&#x411;.&#x415;. &#x427;&#x438;&#x436;&#x43E;&#x432;</subfield>
    <subfield code="g">[&#x41F;&#x440;&#x435;&#x434;&#x438;&#x441;&#x43B;. &#x412;.&#x412;. &#x41A;&#x43E;&#x437;&#x438;&#x43D;&#x430;, &#x434;.&#x433;.&#x43D;., &#x43F;&#x440;&#x43E;&#x444;., &#x430;&#x43A;&#x430;&#x434;.]</subfield>
    <subfield code="g">&#x42D;&#x43A;&#x43E;&#x43B;. &#x444;&#x43E;&#x43D;&#x434; &#x425;&#x430;&#x442;&#x44B;-&#x41C;&#x430;&#x43D;&#x441;&#x438;&#x439;&#x441;. &#x43E;&#x43A;&#x440;&#x443;&#x433;&#x430;</subfield>
  </datafield>
  <datafield tag="210" ind1=" " ind2=" ">
    <subfield code="a">&#x422;&#x44E;&#x43C;&#x435;&#x43D;&#x44C;</subfield>
    <subfield code="c">&#x42E;. &#x41C;&#x430;&#x43D;&#x434;&#x440;&#x438;&#x43A;&#x430;</subfield>
    <subfield code="d">1998</subfield>
  </datafield>
  <datafield tag="215" ind1=" " ind2=" ">
    <subfield code="a">141 &#x441;., [24] &#x43B;. &#x446;&#x432;. &#x438;&#x43B;.</subfield>
    <subfield code="c">&#x438;&#x43B;.</subfield>
    <subfield code="d">27</subfield>
  </datafield>
  <datafield tag="300" ind1=" " ind2=" ">
    <subfield code="a">&#x412; &#x43F;&#x440;&#x435;&#x434;&#x438;&#x441;&#x43B;. &#x430;&#x432;&#x442;.: &#x447;&#x43B;.-&#x43A;&#x43E;&#x440;&#x440;. &#x420;&#x410;&#x415;&#x41D;, &#x437;&#x430;&#x441;&#x43B;. &#x43B;&#x435;&#x441;&#x43E;&#x432;&#x43E;&#x434; &#x420;&#x43E;&#x441;&#x441;&#x438;&#x438; &#x411;.&#x415;. &#x427;&#x438;&#x436;&#x43E;&#x432;</subfield>
  </datafield>
  <datafield tag="320" ind1=" " ind2=" ">
    <subfield code="a">&#x411;&#x438;&#x431;&#x43B;&#x438;&#x43E;&#x433;&#x440;.: &#x441;. 133-139</subfield>
  </datafield>
  <datafield tag="606" ind1="1" ind2=" ">
    <subfield code="a">&#x41D;&#x435;&#x444;&#x442;&#x44C;</subfield>
    <subfield code="x">&#x41C;&#x435;&#x441;&#x442;&#x43E;&#x440;&#x43E;&#x436;&#x434;&#x435;&#x43D;&#x438;&#x44F;</subfield>
    <subfield code="y">&#x425;&#x430;&#x43D;&#x442;&#x44B;-&#x41C;&#x430;&#x43D;&#x441;&#x438;&#x439;&#x441;&#x43A;&#x438;&#x439; &#x430;&#x432;&#x442;&#x43E;&#x43D;&#x43E;&#x43C;&#x43D;&#x44B;&#x439; &#x43E;&#x43A;&#x440;&#x443;&#x433;-&#x42E;&#x433;&#x440;&#x430;</subfield>
    <subfield code="9">2248413</subfield>
    <subfield code="3">RU\NLR\auth\661348797</subfield>
  </datafield>
  <datafield tag="606" ind1="0" ind2=" ">
    <subfield code="a">&#x41B;&#x435;&#x441;&#x430;</subfield>
    <subfield code="x">&#x412;&#x43B;&#x438;&#x44F;&#x43D;&#x438;&#x435; &#x43D;&#x435;&#x444;&#x442;&#x435;&#x434;&#x43E;&#x431;&#x44B;&#x447;&#x438;</subfield>
    <subfield code="y">&#x425;&#x430;&#x43D;&#x442;&#x44B;-&#x41C;&#x430;&#x43D;&#x441;&#x438;&#x439;&#x441;&#x43A;&#x438;&#x439; &#x430;&#x432;&#x442;&#x43E;&#x43D;&#x43E;&#x43C;&#x43D;&#x44B;&#x439; &#x43E;&#x43A;&#x440;&#x443;&#x433;-&#x42E;&#x433;&#x440;&#x430;</subfield>
    <subfield code="9">2108693</subfield>
    <subfield code="3">RU\NLR\auth\661274599</subfield>
  </datafield>
  <datafield tag="686" ind1=" " ind2=" ">
    <subfield code="a">&#x41F;342.5(2&#x420;53)</subfield>
  </datafield>
  <datafield tag="686" ind1=" " ind2=" ">
    <subfield code="a">&#x414;454.1-09(2&#x420;53-4&#x422;&#x44E;-6&#x425;)</subfield>
  </datafield>
  <datafield tag="700" ind1=" " ind2="1">
    <subfield code="a">&#x427;&#x438;&#x436;&#x43E;&#x432;</subfield>
    <subfield code="b">&#x411;. &#x415;.</subfield>
    <subfield code="g">&#x411;&#x43E;&#x440;&#x438;&#x441; &#x415;&#x444;&#x438;&#x43C;&#x43E;&#x432;&#x438;&#x447;</subfield>
    <subfield code="4">070</subfield>
  </datafield>
  <datafield tag="801" ind1=" " ind2="0">
    <subfield code="a">RU</subfield>
    <subfield code="b">NLR</subfield>
    <subfield code="c">19990901</subfield>
    <subfield code="g">PSBO</subfield>
  </datafield>
  <datafield tag="801" ind1=" " ind2="1">
    <subfield code="a">RU</subfield>
    <subfield code="b">NLR</subfield>
    <subfield code="c">19990901</subfield>
  </datafield>
  <datafield tag="852" ind1=" " ind2=" ">
    <subfield code="a">NLR</subfield>
    <subfield code="j">99-7/1427</subfield>
  </datafield>
  <datafield tag="942" ind1=" " ind2=" ">
    <subfield code="c">BOOK</subfield>
  </datafield>
  <datafield tag="980" ind1=" " ind2=" ">
    <subfield code="a">NB</subfield>
  </datafield>
  <datafield tag="995" ind1=" " ind2=" ">
    <subfield code="5">2013-10-26</subfield>
    <subfield code="b">NLR01</subfield>
    <subfield code="c">NLR01</subfield>
    <subfield code="e">RF8</subfield>
    <subfield code="f">1-2126028</subfield>
    <subfield code="k">99-7/1427</subfield>
    <subfield code="o">0</subfield>
    <subfield code="r">BOOK</subfield>
    <subfield code="s">9971427_</subfield>
  </datafield>
</record>
